[Event "Muensterland Regionalliga 2526"]
[Site "Germany"]
[Date "2025.10.25"]
[Round "1"]
[Board "8"]
[White "Fasselt, Hendrik"]
[Black "Gerighausen, Karl Heinz"]
[Result "1/2-1/2"]
[WhiteElo "1825"]
[BlackElo "1630"]
[WhiteFideId "-1"]
[BlackFideId "-1"]
[PlyCount "117"]
[GameId "2095107615425779"]
[EventDate "2025.??.??"]
[EventType "team-tourn"]
[EventRounds "9"]
[EventCountry "GER"]
[SourceTitle "Verband Muensterland"]
[SourceDate "2025.09.21"]
[SourceVersion "1"]
[SourceVersionDate "2025.09.21"]
[SourceQuality "1"]
[WhiteTeam "Raesfeld Erle II"]
[BlackTeam "Emsdetten Rochade"]
[WhiteTeamCountry "GER"]
[BlackTeamCountry "GER"]

1. b3 Nf6 2. Bb2 e6 3. e3 d5 4. Nf3 c5 5. Be2 Be7 6. O-O O-O 7. c4 Nbd7 8. d3 b6 9. Nbd2 Bb7 10. Rc1 Rc8 11. Qc2 Qc7 12. Rfd1 e5 13. cxd5 Nxd5 14. Qb1 Qb8 15. Qa1 f6 16. Qb1 Rfd8 17. Nf1 Nf8 18. Ng3 Ng6 19. Nf5 Bf8 20. Nd2 Nde7 21. Nxe7+ Bxe7 22. Bf3 Nh4 23. Bxb7 Qxb7 24. e4 Ng6 25. g3 Bd6 26. Nc4 Nf8 27. Ne3 Ne6 28. Nd5 Nc7 29. Ne3 Ne6 30. Rc2 Bf8 31. Qc1 g6 32. Nd5 Kf7 33. Qe3 Nc7 34. Nc3 Rd7 35. Ne2 Ne6 36. Qf3 Kg7 37. h4 Rcd8 38. Rcd2 Nd4 39. Nxd4 cxd4 40. Qg4 h5 41. Qe2 Rc8 42. Rc1 Rdc7 43. Rdc2 Rc6 44. Qd2 Bb4 45. Qe2 R8c7 46. a3 Bc3 47. Bxc3 Rxc3 48. Qd2 Qc8 49. Rxc3 Rxc3 50. Rxc3 Qxc3 51. Qd1 a5 52. a4 Kf7 53. Kf1 Ke6 54. Ke2 Kd6 55. f4 Kc5 56. f5 gxf5 57. exf5 Kb4 58. Qb1 Qc8 59. Qe1+ 1/2-1/2

[Event "Muensterland Regionalliga 2526"]
[Site "Germany"]
[Date "2025.09.27"]
[Round "2"]
[Board "1"]
[White "Leidig, Andreas"]
[Black "Mueller, Achim"]
[Result "0-1"]
[WhiteElo "1897"]
[BlackElo "2010"]
[WhiteFideId "-1"]
[BlackFideId "-1"]
[PlyCount "124"]
[GameId "2228493482762563"]
[EventDate "2025.??.??"]
[EventType "team-tourn"]
[EventRounds "9"]
[EventCountry "GER"]
[SourceTitle "Verband Muensterland"]
[SourceDate "2025.09.21"]
[SourceVersion "1"]
[SourceVersionDate "2025.09.21"]
[SourceQuality "1"]
[WhiteTeam "Heiden"]
[BlackTeam "Emsdetten Rochade"]
[WhiteTeamCountry "GER"]
[BlackTeamCountry "GER"]

1. e4 c5 2. Nf3 d6 3. d4 cxd4 4. Nxd4 Nf6 5. Nc3 a6 6. f3 e5 7. Nb3 Be6 8. Be3 Be7 9. Qd2 O-O 10. O-O-O Nbd7 11. g4 b5 12. g5 Nh5 13. Nd5 Bxd5 14. exd5 f6 15. h4 Ng3 16. Rg1 Nxf1 17. Rdxf1 a5 18. g6 f5 19. Bh6 Bf6 20. gxh7+ Kh8 21. Bg5 a4 22. Na1 a3 23. b3 Qe8 24. c3 Rc8 25. Nc2 Nb6 26. Kb1 Qf7 27. Nb4 e4 28. Bxf6 Qxf6 29. fxe4 Qxh4 30. Rf4 Qh3 31. Nc6 fxe4 32. Rxe4 Qxh7 33. Qg2 Nxd5 34. Rh1 Nxc3+ 35. Ka1 Nxe4 36. Rxh7+ Kxh7 37. Qxe4+ g6 38. Kb1 Rf1+ 39. Kc2 Rf5 40. Kd3 Rcf8 41. Nd4 Re5 42. Qh4+ Kg7 43. Qg4 Rf7 44. Ne6+ Kh6 45. Qh4+ Rh5 46. Qg3 Rff5 47. Nf4 Rfg5 48. Qe3 Re5 49. Qc1 Rc5 50. Qd2 g5 51. Qf2 Rf5 52. Qb6 gxf4 53. Qxd6+ Kg5 54. Qxa3 Kg4 55. Qc1 Rh3+ 56. Ke2 f3+ 57. Kf2 Rh2+ 58. Ke3 Re2+ 59. Kd4 Kg3 60. Qg1+ Rg2 61. Qe3 Rf4+ 62. Ke5 Re2 0-1

[Event "Muensterland Regionalliga 2526"]
[Site "Germany"]
[Date "2025.09.27"]
[Round "2"]
[Board "2"]
[White "Lemli, Thomas"]
[Black "Wigger, Niklas"]
[Result "1/2-1/2"]
[WhiteElo "1965"]
[BlackElo "1858"]
[WhiteFideId "-1"]
[BlackFideId "-1"]
[PlyCount "44"]
[GameId "2228493482762565"]
[EventDate "2025.??.??"]
[EventType "team-tourn"]
[EventRounds "9"]
[EventCountry "GER"]
[SourceTitle "Verband Muensterland"]
[SourceDate "2025.09.21"]
[SourceVersion "1"]
[SourceVersionDate "2025.09.21"]
[SourceQuality "1"]
[WhiteTeam "Emsdetten Rochade"]
[BlackTeam "Heiden"]
[WhiteTeamCountry "GER"]
[BlackTeamCountry "GER"]

1. Nf3 c5 2. c4 g6 3. d4 cxd4 4. Nxd4 Bg7 5. e4 Nc6 6. Be3 d6 7. Nc3 Nxd4 8. Bxd4 Nf6 9. Be2 O-O 10. O-O Nd7 11. Rc1 Bxd4 12. Qxd4 b6 13. Nd5 Bb7 14. b4 Rc8 15. a3 Bxd5 16. cxd5 a5 17. Bb5 f5 18. f4 axb4 19. axb4 fxe4 20. Qxe4 Rxc1 21. Rxc1 Nf6 22. Qe6+ Kg7 1/2-1/2

[Event "Muensterland Regionalliga 2526"]
[Site "Germany"]
[Date "2025.09.27"]
[Round "2"]
[Board "3"]
[White "Wienen, Hermann"]
[Black "Ll, David"]
[Result "1/2-1/2"]
[WhiteElo "1875"]
[BlackElo "1793"]
[WhiteFideId "-1"]
[BlackFideId "-1"]
[PlyCount "25"]
[GameId "2228493482762567"]
[EventDate "2025.??.??"]
[EventType "team-tourn"]
[EventRounds "9"]
[EventCountry "GER"]
[SourceTitle "Verband Muensterland"]
[SourceDate "2025.09.21"]
[SourceVersion "1"]
[SourceVersionDate "2025.09.21"]
[SourceQuality "1"]
[WhiteTeam "Heiden"]
[BlackTeam "Emsdetten Rochade"]
[WhiteTeamCountry "GER"]
[BlackTeamCountry "GER"]

1. e4 c6 2. d4 d5 3. exd5 cxd5 4. Nf3 Nf6 5. Bb5+ Bd7 6. Bxd7+ Nbxd7 7. O-O e6 8. c3 Bd6 9. Re1 O-O 10. Bg5 Qc7 11. Nbd2 Ng4 12. Nf1 h6 13. Bh4 1/2-1/2

[Event "Muensterland Regionalliga 2526"]
[Site "Germany"]
[Date "2025.09.27"]
[Round "2"]
[Board "4"]
[White "Nordholt, Uwe"]
[Black "Berger, Alfred"]
[Result "1/2-1/2"]
[WhiteElo "1766"]
[BlackElo "1848"]
[WhiteFideId "-1"]
[BlackFideId "-1"]
[PlyCount "28"]
[GameId "2228493482762569"]
[EventDate "2025.??.??"]
[EventType "team-tourn"]
[EventRounds "9"]
[EventCountry "GER"]
[SourceTitle "Verband Muensterland"]
[SourceDate "2025.09.21"]
[SourceVersion "1"]
[SourceVersionDate "2025.09.21"]
[SourceQuality "1"]
[WhiteTeam "Emsdetten Rochade"]
[BlackTeam "Heiden"]
[WhiteTeamCountry "GER"]
[BlackTeamCountry "GER"]

1. d4 Nf6 2. c4 g6 3. Nc3 d5 4. Nf3 e6 5. e3 Bg7 6. Bd3 O-O 7. O-O Nbd7 8. e4 dxe4 9. Nxe4 Nxe4 10. Bxe4 e5 11. dxe5 Nxe5 12. Nxe5 Qxd1 13. Rxd1 Bxe5 14. Rb1 Bg4 1/2-1/2

[Event "Muensterland Regionalliga 2526"]
[Site "Germany"]
[Date "2025.09.27"]
[Round "2"]
[Board "5"]
[White "Niewerth, Gerd"]
[Black "Hussein, Zaman"]
[Result "1-0"]
[WhiteElo "1838"]
[BlackElo "1746"]
[WhiteFideId "-1"]
[BlackFideId "-1"]
[PlyCount "98"]
[GameId "2228493482762571"]
[EventDate "2025.??.??"]
[EventType "team-tourn"]
[EventRounds "9"]
[EventCountry "GER"]
[SourceTitle "Verband Muensterland"]
[SourceDate "2025.09.21"]
[SourceVersion "1"]
[SourceVersionDate "2025.09.21"]
[SourceQuality "1"]
[WhiteTeam "Heiden"]
[BlackTeam "Emsdetten Rochade"]
[WhiteTeamCountry "GER"]
[BlackTeamCountry "GER"]

1. e4 c5 2. Nf3 Nc6 3. d4 cxd4 4. Nxd4 d6 5. Nc3 a6 6. Bc4 Nf6 7. Bb3 g6 8. Nxc6 bxc6 9. e5 Nd7 10. e6 fxe6 11. Bxe6 Nc5 12. Qd4 Bxe6 13. Qxh8 h5 14. Bh6 Kd7 15. Qxf8 Qxf8 16. Bxf8 Rxf8 17. f3 Bf5 18. O-O-O h4 19. Rhe1 d5 20. a3 g5 21. h3 Ne6 22. b4 Nf4 23. Rd2 Kd6 24. Ne4+ Bxe4 25. fxe4 e6 26. c4 Rc8 27. c5+ Kd7 28. exd5 cxd5 29. Re5 Rg8 30. a4 Kc6 31. Kc2 a5 32. Kc3 axb4+ 33. Kxb4 Rb8+ 34. Kc3 Kxc5 35. Rxg5 Ra8 36. Ra2 Kd6 37. Rg4 e5 38. Rxh4 d4+ 39. Kc4 Rc8+ 40. Kb5 d3 41. Rxf4 Kd5 42. Rf7 Rb8+ 43. Ka6 Kd4 44. Ka7 Rd8 45. Re7 e4 46. a5 Rc8 47. Ra4+ Kc3 48. Raxe4 d2 49. Re3+ Kc2 1-0

[Event "Muensterland Regionalliga 2526"]
[Site "Germany"]
[Date "2025.09.27"]
[Round "2"]
[Board "6"]
[White "Cremann, Jannis"]
[Black "Meis, Jonas"]
[Result "1/2-1/2"]
[WhiteElo "1661"]
[BlackElo "1754"]
[WhiteFideId "-1"]
[BlackFideId "-1"]
[PlyCount "30"]
[GameId "2228493482762573"]
[EventDate "2025.??.??"]
[EventType "team-tourn"]
[EventRounds "9"]
[EventCountry "GER"]
[SourceTitle "Verband Muensterland"]
[SourceDate "2025.09.21"]
[SourceVersion "1"]
[SourceVersionDate "2025.09.21"]
[SourceQuality "1"]
[WhiteTeam "Emsdetten Rochade"]
[BlackTeam "Heiden"]
[WhiteTeamCountry "GER"]
[BlackTeamCountry "GER"]

1. c4 Nf6 2. Nf3 c6 3. Nc3 d5 4. d4 e6 5. Bg5 Nbd7 6. a3 a5 7. e4 dxe4 8. Nxe4 Be7 9. Ng3 O-O 10. Bd3 h6 11. Bxf6 Nxf6 12. O-O c5 13. Qd2 cxd4 14. Nxd4 Qb6 15. Nf3 Rd8 1/2-1/2

[Event "Muensterland Regionalliga 2526"]
[Site "Germany"]
[Date "2025.09.27"]
[Round "2"]
[Board "7"]
[White "Dolle, Stefan"]
[Black "Weist, Thorsten"]
[Result "1/2-1/2"]
[WhiteElo "1767"]
[BlackElo "1740"]
[WhiteFideId "-1"]
[BlackFideId "-1"]
[PlyCount "107"]
[GameId "2228493482762575"]
[EventDate "2025.??.??"]
[EventType "team-tourn"]
[EventRounds "9"]
[EventCountry "GER"]
[SourceTitle "Verband Muensterland"]
[SourceDate "2025.09.21"]
[SourceVersion "1"]
[SourceVersionDate "2025.09.21"]
[SourceQuality "1"]
[WhiteTeam "Heiden"]
[BlackTeam "Emsdetten Rochade"]
[WhiteTeamCountry "GER"]
[BlackTeamCountry "GER"]

1. d4 Nf6 2. c4 g6 3. Nc3 Bg7 4. e4 d6 5. f3 O-O 6. Be3 e5 7. d5 Nbd7 8. Qd2 a5 9. Bd3 Nc5 10. Bc2 c6 11. dxc6 bxc6 12. Rd1 Nb7 13. Nge2 Be6 14. b3 Nh5 15. O-O f5 16. f4 Qf6 17. fxe5 dxe5 18. Bg5 Qf7 19. exf5 gxf5 20. Bh6 Kh8 21. Bxg7+ Qxg7 22. Rf2 Rad8 23. Qe1 Nd6 24. Kh1 Nf6 25. Ng3 Ng4 26. Rfd2 Qh6 27. Nf1 Bc8 28. c5 Nf7 29. Rxd8 Rxd8 30. Rxd8+ Nxd8 31. Qd2 Qh4 32. g3 Qf6 33. h3 Nh6 34. Qf2 Ne6 35. Ne4 Qe7 36. Nd6 Ba6 37. Bxf5 Nxf5 38. Qxf5 Bxf1 39. Qxf1 Nxc5 40. Nc4 e4 41. Qa1+ Kg8 42. Qe5 Qf8 43. Qg5+ Kh8 44. Qe5+ Kg8 45. Qg5+ Kh8 46. Qf4 Qxf4 47. gxf4 a4 48. bxa4 Nxa4 49. Kg2 Nc3 50. a3 Kg7 51. Kf2 Nd5 52. a4 Nxf4 53. Ke3 Nd5+ 54. Kd4 1/2-1/2

[Event "Muensterland Regionalliga 2526"]
[Site "Germany"]
[Date "2025.09.27"]
[Round "2"]
[Board "8"]
[White "Noering, Andreas"]
[Black "Vestrick, Frank"]
[Result "1-0"]
[WhiteElo "1793"]
[BlackElo "1601"]
[WhiteFideId "-1"]
[BlackFideId "-1"]
[PlyCount "77"]
[GameId "2228493482762577"]
[EventDate "2025.??.??"]
[EventType "team-tourn"]
[EventRounds "9"]
[EventCountry "GER"]
[SourceTitle "Verband Muensterland"]
[SourceDate "2025.09.21"]
[SourceVersion "1"]
[SourceVersionDate "2025.09.21"]
[SourceQuality "1"]
[WhiteTeam "Emsdetten Rochade"]
[BlackTeam "Heiden"]
[WhiteTeamCountry "GER"]
[BlackTeamCountry "GER"]

1. Nf3 Nf6 2. d4 g6 3. c4 Bg7 4. Nc3 d6 5. e4 O-O 6. Bg5 h6 7. Bf4 Nh5 8. Be3 Nf6 9. h3 Nc6 10. Qd2 Kh7 11. g4 e5 12. O-O-O exd4 13. Nxd4 Nxd4 14. Bxd4 Re8 15. Bd3 Nd7 16. Bxg7 Kxg7 17. f4 Nc5 18. Bc2 Bd7 19. b4 Na6 20. Nd5 Be6 21. Qc3+ f6 22. Ne3 Qe7 23. f5 gxf5 24. gxf5 Bf7 25. Rhg1+ Kf8 26. Ng4 Bh5 27. Nxh6 Qe5 28. Rg8+ Ke7 29. Qxe5+ fxe5 30. Rg7+ Kd8 31. Rf1 Be2 32. Rf2 Bxc4 33. f6 Nxb4 34. Nf7+ Kc8 35. Ng5 Bxa2 36. f7 Bxf7 37. Rgxf7 Na6 38. Bd3 b5 39. Bxb5 1-0

[Event "Muensterland Regionalliga 2526"]
[Site "Germany"]
[Date "2025.09.27"]
[Round "2"]
[Board "1"]
[White "Schroer, Klaus"]
[Black "Arning, Marcus"]
[Result "1-0"]
[WhiteElo "2095"]
[BlackElo "1921"]
[WhiteFideId "-1"]
[BlackFideId "-1"]
[PlyCount "35"]
[GameId "2228493495853518"]
[EventDate "2025.??.??"]
[EventType "team-tourn"]
[EventRounds "9"]
[EventCountry "GER"]
[SourceTitle "Verband Muensterland"]
[SourceDate "2025.09.21"]
[SourceVersion "1"]
[SourceVersionDate "2025.09.21"]
[SourceQuality "1"]
[WhiteTeam "Borken"]
[BlackTeam "Steinfurt"]
[WhiteTeamCountry "GER"]
[BlackTeamCountry "GER"]

1. e4 Nf6 2. Nc3 e5 3. f4 d5 4. fxe5 Nxe4 5. Qf3 Be6 6. Nxe4 dxe4 7. Qxe4 Nc6 8. c3 Bd5 9. Qf4 Qe7 10. d4 f6 11. Nf3 Bxf3 12. Qxf3 fxe5 13. d5 e4 14. Qg3 Qc5 15. dxc6 Bd6 16. Qg5 Be5 17. cxb7 Bxc3+ 18. bxc3 1-0

[Event "Muensterland Regionalliga 2526"]
[Site "Germany"]
[Date "2025.09.27"]
[Round "2"]
[Board "3"]
[White "Beckmann, David"]
[Black "Bahceci, Caner"]
[Result "0-1"]
[WhiteElo "2029"]
[BlackElo "1831"]
[WhiteFideId "-1"]
[BlackFideId "-1"]
[PlyCount "128"]
[GameId "2228493495853530"]
[EventDate "2025.??.??"]
[EventType "team-tourn"]
[EventRounds "9"]
[EventCountry "GER"]
[SourceTitle "Verband Muensterland"]
[SourceDate "2025.09.21"]
[SourceVersion "1"]
[SourceVersionDate "2025.09.21"]
[SourceQuality "1"]
[WhiteTeam "Borken"]
[BlackTeam "Steinfurt"]
[WhiteTeamCountry "GER"]
[BlackTeamCountry "GER"]

1. d4 Nf6 2. Nc3 e6 3. Bf4 a6 4. e3 Bb4 5. a3 Bxc3+ 6. bxc3 Nd5 7. Qg4 Nxf4 8. exf4 Qf6 9. Bd3 c5 10. Qg5 Qxg5 11. fxg5 cxd4 12. cxd4 b5 13. Ne2 Nc6 14. O-O d6 15. f4 O-O 16. h4 Ne7 17. Kh2 Bd7 18. Nc3 Bc6 19. Rae1 Rac8 20. Ne2 Bd5 21. a4 Bc4 22. Bxc4 Rxc4 23. axb5 axb5 24. c3 Nd5 25. Rf3 Ra8 26. Rb1 Ra5 27. f5 e5 28. g3 Ra2 29. Rf2 Nxc3 30. Nxc3 Rxf2+ 31. Kg1 Rxf5 32. Nxb5 g6 33. Nxd6 Rxd4 34. Nxf5 gxf5 35. Rb6 f4 36. Rh6 f3 37. Kf2 e4 38. Rf6 Rd2+ 39. Ke1 Rd4 40. Rf4 Kg7 41. g4 Rb4 42. Kf1 Kf8 43. h5 Ke7 44. Ke1 Rb1+ 45. Kf2 Rb2+ 46. Kf1 Re2 47. Kg1 Ke6 48. Rf6+ Ke5 49. Rxf7 Rg2+ 50. Kf1 Rxg4 51. g6 hxg6 52. h6 Rh4 53. h7 g5 54. Kf2 Ke6 55. Ra7 Kf6 56. Rb7 Kg6 57. Re7 Rxh7 58. Rxe4 Kf5 59. Kxf3 Rh3+ 60. Kg2 Kxe4 61. Kxh3 Kf3 62. Kh2 g4 63. Kg1 Kg3 64. Kh1 Kf2 0-1

[Event "Muensterland Regionalliga 2526"]
[Site "Germany"]
[Date "2025.09.27"]
[Round "2"]
[Board "4"]
[White "Plotz, Noah"]
[Black "Boldrick, Marcel"]
[Result "1-0"]
[WhiteElo "1861"]
[BlackElo "1864"]
[WhiteFideId "-1"]
[BlackFideId "-1"]
[PlyCount "77"]
[GameId "2228493495853528"]
[EventDate "2025.??.??"]
[EventType "team-tourn"]
[EventRounds "9"]
[EventCountry "GER"]
[SourceTitle "Verband Muensterland"]
[SourceDate "2025.09.21"]
[SourceVersion "1"]
[SourceVersionDate "2025.09.21"]
[SourceQuality "1"]
[WhiteTeam "Steinfurt"]
[BlackTeam "Borken"]
[WhiteTeamCountry "GER"]
[BlackTeamCountry "GER"]

1. e4 c5 2. Nf3 Nc6 3. Bb5 g6 4. O-O Bg7 5. c3 e5 6. a4 Nge7 7. d3 O-O 8. Be3 b6 9. Nbd2 Bb7 10. Qe2 h6 11. Bc4 Kh7 12. Ba2 f5 13. Nc4 f4 14. Bd2 d6 15. h4 Bc8 16. Nh2 Rb8 17. f3 Bf6 18. Be1 g5 19. hxg5 Bxg5 20. Bf2 h5 21. Rfd1 Bf6 22. b4 Be6 23. Nxe5 Bxa2 24. Nxc6 Nxc6 25. Rxa2 Bxc3 26. bxc5 bxc5 27. e5 Nxe5 28. d4 Bxd4 29. Bxd4 cxd4 30. Qe4+ Kh6 31. a5 d3 32. Nf1 Qc7 33. Nd2 Qc5+ 34. Kh1 Rb4 35. Qe1 Rg8 36. Ne4 Qc4 37. Qh4 Qxa2 38. Qf6+ Rg6 39. Qh8# 1-0

[Event "Muensterland Regionalliga 2526"]
[Site "Germany"]
[Date "2025.09.27"]
[Round "2"]
[Board "5"]
[White "Farwick, Christian"]
[Black "Janning, Rainer"]
[Result "1-0"]
[WhiteElo "1851"]
[BlackElo "1826"]
[WhiteFideId "-1"]
[BlackFideId "-1"]
[PlyCount "83"]
[GameId "2228493495853522"]
[EventDate "2025.??.??"]
[EventType "team-tourn"]
[EventRounds "9"]
[EventCountry "GER"]
[SourceTitle "Verband Muensterland"]
[SourceDate "2025.09.21"]
[SourceVersion "1"]
[SourceVersionDate "2025.09.21"]
[SourceQuality "1"]
[WhiteTeam "Borken"]
[BlackTeam "Steinfurt"]
[WhiteTeamCountry "GER"]
[BlackTeamCountry "GER"]

1. d4 b6 2. Nf3 Bb7 3. Bf4 e6 4. e3 f5 5. Nbd2 Nf6 6. c3 Be7 7. Qc2 O-O 8. h3 Ne4 9. Bd3 d5 10. Ne5 Nd7 11. Ndf3 Nxe5 12. Bxe5 Bf6 13. O-O-O c5 14. Bxf6 Rxf6 15. Ne5 Nd6 16. f4 c4 17. Be2 Nf7 18. g4 Nd6 19. Rdg1 a5 20. h4 b5 21. gxf5 exf5 22. Rh2 Ra7 23. Bf3 Rh6 24. Rg5 Rf6 25. Qg2 Ne8 26. Qh3 Bc8 27. Rhg2 b4 28. Bh5 Rb7 29. Qg3 g6 30. Nxg6 Ng7 31. Ne5 Qf8 32. Bf3 Be6 33. Nxc4 bxc3 34. Nd6 Rd7 35. Ne8 cxb2+ 36. Kb1 Rff7 37. Nxg7 Rxg7 38. Rxg7+ Rxg7 39. Qxg7+ Qxg7 40. Rxg7+ Kxg7 41. Kxb2 Kf6 42. Kb3 1-0

[Event "Muensterland Regionalliga 2526"]
[Site "Germany"]
[Date "2025.09.27"]
[Round "2"]
[Board "6"]
[White "Thomas, Wolfgang1"]
[Black "Klueppel, Ralf"]
[Result "0-1"]
[WhiteElo "1729"]
[BlackElo "1735"]
[WhiteFideId "-1"]
[BlackFideId "-1"]
[PlyCount "52"]
[GameId "2228493495853524"]
[EventDate "2025.??.??"]
[EventType "team-tourn"]
[EventRounds "9"]
[EventCountry "GER"]
[SourceTitle "Verband Muensterland"]
[SourceDate "2025.09.21"]
[SourceVersion "1"]
[SourceVersionDate "2025.09.21"]
[SourceQuality "1"]
[WhiteTeam "Steinfurt"]
[BlackTeam "Borken"]
[WhiteTeamCountry "GER"]
[BlackTeamCountry "GER"]

1. e4 c6 2. d4 d5 3. exd5 cxd5 4. c4 Nf6 5. Nc3 e6 6. Nf3 Be7 7. cxd5 Nxd5 8. Bd3 Nc6 9. O-O O-O 10. Re1 Nf6 11. Bg5 h6 12. Bh4 a6 13. Rc1 Bd7 14. Bb1 Rc8 15. a3 Nh5 16. Qd3 g6 17. Bxe7 Nxe7 18. Rcd1 Nf6 19. Ne5 Kg7 20. Re3 Nh5 21. Ne2 Bb5 22. Qd2 Nd5 23. Rh3 Bxe2 24. Qxe2 Ndf4 25. Qg4 Nxh3+ 26. Qxh3 Qxd4 0-1

[Event "Muensterland Regionalliga 2526"]
[Site "Germany"]
[Date "2025.09.27"]
[Round "2"]
[Board "7"]
[White "Heisterkamp, Tom"]
[Black "Raue, Thorsten"]
[Result "1/2-1/2"]
[WhiteElo "1464"]
[BlackElo "1693"]
[WhiteFideId "-1"]
[BlackFideId "-1"]
[PlyCount "71"]
[GameId "2228493495853526"]
[EventDate "2025.??.??"]
[EventType "team-tourn"]
[EventRounds "9"]
[EventCountry "GER"]
[SourceTitle "Verband Muensterland"]
[SourceDate "2025.09.21"]
[SourceVersion "1"]
[SourceVersionDate "2025.09.21"]
[SourceQuality "1"]
[WhiteTeam "Borken"]
[BlackTeam "Steinfurt"]
[WhiteTeamCountry "GER"]
[BlackTeamCountry "GER"]

1. e4 Nc6 2. d4 d5 3. exd5 Qxd5 4. Nf3 Bg4 5. Nc3 Qe6+ 6. Be3 Qf6 7. Nd5 Qd6 8. c4 e5 9. Be2 Nge7 10. dxe5 Nxe5 11. Nxe5 Bxe2 12. Nxf7 Kxf7 13. Qxe2 Nxd5 14. Qh5+ g6 15. Qxd5+ Qxd5 16. cxd5 Bg7 17. Rc1 Be5 18. Ke2 Rhe8 19. Rc2 Rad8 20. Rd1 Rd7 21. h4 h5 22. g3 Kf6 23. Kf3 Kg7 24. Bd4 Bxd4 25. Rxd4 Ree7 26. g4 hxg4+ 27. Kxg4 c6 28. d6 Re6 29. Rcd2 Kf6 30. f4 Kg7 31. f5 gxf5+ 32. Kxf5 Kf7 33. h5 Rf6+ 34. Kg5 Re6 35. h6 Kg8 36. Kh5 1/2-1/2

[Event "Muensterland Regionalliga 2526"]
[Site "Germany"]
[Date "2025.09.27"]
[Round "2"]
[Board "8"]
[White "Haselhorst, Helmut"]
[Black "Althoff, Jasper"]
[Result "1-0"]
[WhiteElo "1839"]
[BlackElo "1512"]
[WhiteFideId "-1"]
[BlackFideId "-1"]
[PlyCount "72"]
[GameId "2228493495853520"]
[EventDate "2025.??.??"]
[EventType "team-tourn"]
[EventRounds "9"]
[EventCountry "GER"]
[SourceTitle "Verband Muensterland"]
[SourceDate "2025.09.21"]
[SourceVersion "1"]
[SourceVersionDate "2025.09.21"]
[SourceQuality "1"]
[WhiteTeam "Steinfurt"]
[BlackTeam "Borken"]
[WhiteTeamCountry "GER"]
[BlackTeamCountry "GER"]

1. Nf3 d5 2. d4 Nf6 3. c4 e6 4. Nc3 Be7 5. Bg5 Nbd7 6. e3 c6 7. Rc1 h6 8. Bh4 Nf8 9. Ne5 N8d7 10. f4 Nxe5 11. fxe5 Nd7 12. Bxe7 Qxe7 13. Bd3 O-O 14. O-O b6 15. cxd5 cxd5 16. Qa4 a5 17. a3 Bb7 18. Bb5 Ba6 19. Bxd7 Bxf1 20. Rxf1 Rfd8 21. Bb5 Qg5 22. Rf3 Rab8 23. Qd1 Qh5 24. Qf1 Rf8 25. Bd3 Qg5 26. Rg3 Qe7 27. Qf6 Qxf6 28. exf6 g6 29. h4 Rbd8 30. Kf2 Rfe8 31. Rf3 e5 32. Bxg6 e4 33. Rf4 Kf8 34. Bh5 Rd6 35. g4 Ree6 36. g5 Rc6 1-0

[Event "Muensterland Regionalliga 2526"]
[Site "Germany"]
[Date "2025.09.27"]
[Round "2"]
[Board "1"]
[White "Bruemmer, Andreas"]
[Black "Kruimer, Matthias"]
[Result "0-1"]
[WhiteElo "1953"]
[BlackElo "2027"]
[WhiteFideId "-1"]
[BlackFideId "-1"]
[PlyCount "114"]
[GameId "2228493469479098"]
[EventDate "2025.??.??"]
[EventType "team-tourn"]
[EventRounds "9"]
[EventCountry "GER"]
[SourceTitle "Verband Muensterland"]
[SourceDate "2025.09.21"]
[SourceVersion "1"]
[SourceVersionDate "2025.09.21"]
[SourceQuality "1"]
[WhiteTeam "Rheine Klein Berlin"]
[BlackTeam "Metelen"]
[WhiteTeamCountry "GER"]
[BlackTeamCountry "GER"]

1. Nf3 Nf6 2. b3 g6 3. Bb2 Bg7 4. c4 O-O 5. g3 b6 6. Bg2 Bb7 7. O-O c5 8. e3 d5 9. cxd5 Qxd5 10. Nc3 Qf5 11. d4 Rd8 12. Nh4 Qc8 13. Bxb7 Qxb7 14. Qf3 Qxf3 15. Nxf3 Na6 16. Rfd1 Ne8 17. dxc5 Nxc5 18. Rxd8 Rxd8 19. Rd1 Rd3 20. Rc1 Nd6 21. Rc2 Nf5 22. b4 Ne6 23. Kf1 Rxe3 24. Ne1 Ned4 25. Rd2 Rxe1+ 26. Kxe1 Nf3+ 27. Kd1 Nxd2 28. Kxd2 Nd4 29. Kd3 Nc6 30. b5 Ne5+ 31. Kc2 Nc4 32. Bc1 Nd6 33. a4 Bxc3 34. Kxc3 Kf8 35. Kd4 Ke8 36. Kd5 Kd7 37. g4 Ne8 38. h3 Nc7+ 39. Ke4 a6 40. Be3 axb5 41. axb5 Nxb5 42. Bxb6 Nd6+ 43. Kf4 f6 44. f3 e5+ 45. Kg3 Ke6 46. Ba5 Nb5 47. Bb4 Nd4 48. h4 h5 49. Bd2 f5 50. gxh5 gxh5 51. Bg5 Kd5 52. Kf2 e4 53. fxe4+ Kxe4 54. Kg3 f4+ 55. Kf2 Kf5 56. Kg2 Kg4 57. Kf2 Nf3 0-1

[Event "Muensterland Regionalliga 2526"]
[Site "Germany"]
[Date "2025.09.27"]
[Round "2"]
[Board "2"]
[White "Buijnsters, Floris"]
[Black "Langhans, Joerg"]
[Result "1/2-1/2"]
[WhiteElo "1925"]
[BlackElo "1949"]
[WhiteFideId "-1"]
[BlackFideId "-1"]
[PlyCount "69"]
[GameId "2228493469479100"]
[EventDate "2025.??.??"]
[EventType "team-tourn"]
[EventRounds "9"]
[EventCountry "GER"]
[SourceTitle "Verband Muensterland"]
[SourceDate "2025.09.21"]
[SourceVersion "1"]
[SourceVersionDate "2025.09.21"]
[SourceQuality "1"]
[WhiteTeam "Metelen"]
[BlackTeam "Rheine Klein Berlin"]
[WhiteTeamCountry "GER"]
[BlackTeamCountry "GER"]

1. e4 e5 2. Nf3 Nf6 3. Nxe5 d6 4. Nf3 Nxe4 5. Nc3 Nxc3 6. dxc3 Be7 7. Be3 Nc6 8. Qd2 Be6 9. Nd4 Nxd4 10. Bxd4 Bf6 11. O-O-O O-O 12. Kb1 c5 13. Bxf6 Qxf6 14. h3 Rad8 15. g4 d5 16. f4 d4 17. c4 d3 18. Bxd3 Bxc4 19. Qf2 Bxd3 20. cxd3 Rd5 21. Rhf1 Rfd8 22. Qg3 Qd6 23. Rf3 c4 24. f5 Qb6 25. Rdf1 cxd3 26. Rd1 Qd6 27. Qxd6 R5xd6 28. Rd2 f6 29. b3 Kf7 30. Kb2 g6 31. Kc3 Rc6+ 32. Kb2 Rcd6 33. Kc3 Rc6+ 34. Kb2 Rcd6 35. Kc3 1/2-1/2